000
00309nam a2200121Ia 4500
008
210428s9999 xx 000 0 und d
082
_a
541.394 S7991 C
100
_a
Jeffrey
_9
52170
245
0
_a
Chemical Kinetics And Dynamics
260
_b
Simon&Sehuster
_a
New jersey
_c
1999
300
_a
581p
942
_c
BK
999
_c
559936
_d
559936